[Event "Gladiators May 10th"]
[Site "Chess.com INT"]
[Date "2020.05.10"]
[Round "3"]
[White "Efimenko, Zahar"]
[Black "Kuzubov, Yuriy"]
[Result "1-0"]
[WhiteElo "2602"]
[BlackElo "2643"]
[PlyCount "97"]
[EventDate "2020.05.10"]
[EventType "match (blitz)"]
[EventRounds "10"]
[EventCountry "UKR"]
[SourceTitle "CBM 196 Extra"]
[Source "ChessBase"]
[SourceDate "2020.07.31"]
[SourceVersion "1"]
[SourceVersionDate "2020.07.31"]
[SourceQuality "1"]

1. Nf3 d5 2. b3 Bg4 3. e3 Nd7 4. h3 Bh5 5. Bb2 e6 6. d3 ({RR} 6. a3 Ngf6 7. d3 Bg6 8. Nbd2 Bd6 9. g4 O-O 10. Bg2 e5 11. Nh4 c6 12. Qe2 Re8 13. Nxg6 hxg6 14. h4 Qe7 15. g5 Nh7 16. Bh3 a5 17. Qg4 Nc5 18. Bg2 e4 19. dxe4 Nxe4 20. Bxe4 dxe4 {Murzin,V (2648)-Kobalia,M (2543) chess.com INT 2024 1-0 (36)}) 6... c5 $146 ({RR} 6... a5 7. a4 h6 8. Nbd2 Ngf6 9. Be2 Bb4 10. O-O O-O 11. Ne5 Bxe2 12. Qxe2 Nxe5 13. Bxe5 Bd6 14. Bb2 e5 15. e4 Re8 16. exd5 Nxd5 17. Qf3 c6 18. Nc4 Bc7 19. Rfe1 Qg5 20. Re4 f5 21. Re2 {Moussard,J (2630)-Bluebaum,M (2637) Chess.com INT 2022 ½-½ (75)}) 7. Nbd2 h6 8. g4 Bg6 9. Bg2 Ne7 10. Qe2 Nc6 11. O-O-O a5 12. h4 a4 13. h5 Bh7 14. g5 axb3 15. axb3 Nb4 16. Nb1 Qa5 17. Nc3 hxg5 18. Kd2 g4 19. Ra1 Qd8 20. Rxa8 Qxa8 21. Ng5 Bf5 22. e4 dxe4 23. dxe4 Be7 24. exf5 Bxg5+ 25. Ke1 O-O 26. fxe6 Nf6 27. Kf1 Qc8 28. e7 Re8 29. Ne4 Rxe7 30. Bxf6 gxf6 31. Qc4 Qd7 32. Kg1 Nc6 33. Nxg5 fxg5 34. Qxc5 Re1+ 35. Bf1 Qd8 36. Qc3 Re5 37. Kh2 Qd6 38. Qg3 Nd4 39. Bg2 Nf5 40. Rd1 Qc7 41. Rd7 Qxd7 42. Qxe5 Nd6 43. Qxg5+ Kf8 44. h6 Nf5 45. Qf6 Qd6+ 46. Qxd6+ Nxd6 47. Kg3 f5 48. Kf4 Kg8 49. Ke5 1-0

[Event "Titled Tuesday intern op 12th May"]
[Site "Chess.com INT"]
[Date "2020.05.12"]
[Round "5"]
[White "Perro, Loko"]
[Black "Grigoriants, Sergey"]
[Result "1-0"]
[WhiteElo "2639"]
[BlackElo "2542"]
[PlyCount "101"]
[EventDate "2020.05.12"]
[EventType "swiss (blitz)"]
[EventRounds "10"]
[EventCountry "USA"]
[SourceTitle "EXT 2021"]
[Source "ChessBase"]
[SourceDate "2020.10.23"]
[SourceVersion "1"]
[SourceVersionDate "2020.10.23"]
[SourceQuality "1"]

1. Nf3 d5 2. b3 Bg4 3. Bb2 Bxf3 4. exf3 e6 5. f4 Nf6 6. g3 c5 7. Bg2 Nc6 8. O-O Be7 9. Re1 O-O 10. d3 Rc8 ({RR} 10... Ne8 11. c4 Bf6 12. Nc3 Qa5 13. Qc1 Rd8 14. cxd5 Nb4 15. Rd1 Nc7 16. Na4 Bxb2 17. Qxb2 Ncxd5 18. Rac1 b6 19. d4 c4 20. a3 Nd3 21. Qc2 Nxc1 22. bxc4 Nc3 23. Nxc3 Qxc3 {0-1 (23) Eljanov,P (2720)-Najer,E (2699) Antalya 2017}) 11. Nd2 Nd7 12. Nf3 Bf6 13. c3 $146 ({RR} 13. Ne5 Ndxe5 14. fxe5 Be7 15. c4 dxc4 16. bxc4 Qd7 17. Rb1 b6 18. Qe2 Nd4 {½-½ (18) Granda Zuniga,J (2628)-Morovic Fernandez,I (2551) Havana 2003}) 13... b5 14. Qd2 Qc7 15. Rac1 Rfd8 16. d4 a5 17. Ne5 Be7 18. Nxc6 Qxc6 19. c4 bxc4 20. bxc4 Bf6 21. cxd5 exd5 22. dxc5 Bxb2 23. Qxb2 Nxc5 24. Qd4 Qd6 25. h4 Ne6 26. Rxc8 Nxd4 27. Re8+ Rxe8 28. Rxe8+ Qf8 29. Rxf8+ Kxf8 30. Bxd5 Ke7 31. Kf1 f6 32. Ke1 Kd6 33. Bg8 h6 34. Kd2 Kc5 35. Kd3 a4 36. Ke4 Nc6 37. h5 Ne7 38. Be6 Kd6 39. Bc4 Kc5 40. Be6 Kd6 41. Bf7 Kc5 42. a3 Kb5 43. Be8+ Ka5 44. g4 Nc8 45. Kd5 Nb6+ 46. Ke6 Nc4 47. Kf7 Nxa3 48. Bxa4 Kxa4 49. Kxg7 Kb5 50. Kxh6 Kc6 51. Kg6 1-0

[Event "Titled Tuesday intern op 12th May"]
[Site "Chess.com INT"]
[Date "2020.05.12"]
[Round "7"]
[White "Meskovs, Nikita"]
[Black "Zubov, Alexander"]
[Result "1-0"]
[WhiteElo "2582"]
[BlackElo "2589"]
[PlyCount "87"]
[EventDate "2020.05.12"]
[EventType "swiss (blitz)"]
[EventRounds "10"]
[EventCountry "USA"]
[SourceTitle "CBM 196 Extra"]
[Source "ChessBase"]
[SourceDate "2020.07.31"]
[SourceVersion "1"]
[SourceVersionDate "2020.07.31"]
[SourceQuality "1"]

1. Nf3 Nf6 2. g3 d5 3. Bg2 c6 4. O-O Bg4 5. h3 Bh5 6. d3 e6 7. Nbd2 Be7 8. e4 O-O 9. Qe2 ({RR} 9. Qe1 a5 10. Nh2 dxe4 11. dxe4 e5 12. Nc4 Nfd7 13. a4 Na6 14. Ng4 f6 15. Nge3 Nb4 16. Bd2 b6 17. h4 Re8 18. Bxb4 Bxb4 19. c3 Bf8 20. b4 Qc7 21. Bh3 Red8 22. Qb1 Bf7 23. Rd1 Ra7 {Caruana,F (2804)-So,W (2770) Paris 2016 1-0 (41)}) 9... a5 10. a4 Qb6 $146 ({RR} 10... Re8 11. Nb3 Na6 12. Bg5 h6 13. Bf4 c5 14. Nbd2 Nb4 15. Rac1 Nc6 16. g4 Bg6 17. Ne5 Nxe5 18. Bxe5 d4 19. Nc4 Nd7 20. Bg3 Nb6 21. Ne5 Bh7 22. b3 Bd6 23. f4 Qc7 24. h4 Nd7 25. Nxd7 {Piesik,P (2423)-Rorrer,G (2191) Chess.com INT 2022 0-1 (68)}) ({RR} 10... Na6 11. g4 Bg6 12. Ne5 Nd7 13. Nxg6 hxg6 14. f4 dxe4 15. Nxe4 Nac5 16. Nd2 Nb6 17. Nf3 Ncxa4 18. d4 c5 19. Rd1 cxd4 20. Nxd4 Bf6 21. c3 Nc5 22. Be3 Qc8 23. g5 Be7 24. h4 Nd5 25. Bd2 {Hillarp Persson,T (2476)-Kvaloy,A (2443) Oslo NOR 2024 ½-½ (46)}) 11. Rd1 Na6 12. Nf1 dxe4 13. dxe4 Nc5 14. e5 Nd5 15. g4 Bg6 16. Ng3 Nb4 17. Nd4 Rfd8 18. Be3 Qa6 19. Qxa6 Ncxa6 20. Be4 Nc5 21. Bxg6 hxg6 22. f4 Rd5 23. Nge2 Rad8 24. Nc3 R5d7 25. Kf1 f6 26. Ke2 Kf7 27. Rd2 Rh8 28. Rh1 Rdd8 29. Bf2 Rh7 30. h4 fxe5 31. fxe5 Rhh8 32. Bg3 Ke8 33. g5 Rd7 34. Rhd1 Rf8 35. Ke3 Rf7 36. Nde2 Rxd2 37. Rxd2 Bd8 38. Nf4 Bb6 39. Ke2 Rf5 40. Nxg6 Kf7 41. Nh8+ Kg8 42. Ng6 Kh7 43. Ne7 Rf7 44. g6+ 1-0

[Event "Titled Tuesday intern op 12th May"]
[Site "Chess.com INT"]
[Date "2020.05.12"]
[Round "7"]
[White "Nakamura, Hikaru"]
[Black "Ramirez Alvarez, Alejandro"]
[Result "1-0"]
[WhiteElo "2736"]
[BlackElo "2567"]
[PlyCount "97"]
[EventDate "2020.05.12"]
[EventType "swiss (blitz)"]
[EventRounds "10"]
[EventCountry "USA"]
[SourceTitle "CBM 196 Extra"]
[Source "ChessBase"]
[SourceDate "2020.07.31"]
[SourceVersion "1"]
[SourceVersionDate "2020.07.31"]
[SourceQuality "1"]

1. Nf3 d5 2. b3 Bg4 3. e3 e6 4. Bb2 Nf6 5. d4 ({RR} 5. d3 a5 6. a3 Nbd7 7. Nbd2 Bd6 8. h3 Bxf3 9. Nxf3 O-O 10. Be2 c6 11. O-O Qe7 12. c4 Rfd8 13. Qc2 Nf8 14. e4 dxe4 15. dxe4 e5 16. c5 Bxc5 17. Nxe5 Bd4 18. Bxd4 Rxd4 19. Nf3 Rxe4 {Topalov,V (2793)-Aronian,L (2813) Stavanger 2013 0-1 (33)}) ({RR} 5. d3 a5 6. a3 a4 7. b4 c5 8. bxc5 Bxc5 9. Nbd2 Nc6 10. d4 Be7 11. c4 O-O 12. cxd5 exd5 13. Bd3 Qa5 14. O-O b5 15. Qb1 b4 16. Ne5 Nxe5 17. dxe5 bxa3 18. exf6 axb2 19. fxe7 Rfb8 {Nakamura,H (2736)-Le,Q (2709) Chess.com INT 2022 1-0 (37)}) 5... c6 ({RR} 5... Bd6 6. Bd3 O-O 7. Nbd2 a5 8. a3 c6 9. h3 Bh5 10. O-O Qe7 11. Qe2 Nbd7 12. e4 dxe4 13. Nxe4 Nxe4 14. Qxe4 Nf6 15. Qe2 Nd5 16. g3 Qf6 17. Kg2 a4 18. c4 Ne7 19. b4 Rfd8 20. g4 {Le,A (2233)-Baltaci,I (2077) chess.com INT 2025 1-0 (44)}) 6. Nbd2 Nbd7 7. h3 $146 ({RR} 7. Bd3 Bd6 8. c4 O-O 9. Qc2 Bh5 10. Ne5 Bg6 11. Nxg6 fxg6 12. Nf3 Qe7 13. O-O-O c5 14. dxc5 Nxc5 15. Kb1 Nxd3 16. Qxd3 Ne4 17. Rhf1 Nc5 18. Qd4 Rf5 19. cxd5 Rxd5 20. Qc4 Rxd1+ 21. Rxd1 a6 {Sokolovsky,Y (2415)-Ferreira,V (2128) chess.com INT 2022 0-1 (61)}) 7... Bh5 8. c4 Bd6 9. Bd3 O-O 10. Qc2 Bg6 11. Bxg6 hxg6 12. O-O Rc8 13. e4 dxe4 14. Nxe4 Nxe4 15. Qxe4 Nf6 16. Qe2 Qa5 17. a3 Rfd8 18. Rad1 Qf5 19. Rfe1 g5 20. Ne5 Bxe5 21. dxe5 Nh7 22. Rd6 Rxd6 23. exd6 Nf8 24. Qe3 c5 25. Qg3 f6 26. Qe3 Rd8 27. Rd1 b6 28. b4 Nd7 29. g4 Qc2 30. Qxe6+ Kh7 31. Qf5+ Qxf5 32. gxf5 Kg8 33. Re1 Nf8 34. Rd1 Kf7 35. bxc5 bxc5 36. Bc3 Nd7 37. Kg2 Nb6 38. Ba5 Rd7 39. Bxb6 axb6 40. Kf3 Ke8 41. Ke4 Ra7 42. Kd5 Rxa3 43. Kc6 Kd8 44. Re1 Ra7 45. Kxb6 Ra3 46. Kc6 Ra6+ 47. Kxc5 Ra5+ 48. Kc6 Rxf5 49. Ra1 1-0

[Event "Titled Tuesday intern op 12th May"]
[Site "Chess.com INT"]
[Date "2020.05.12"]
[Round "7"]
[White "Perro, Loko"]
[Black "Deac, Bogdan Daniel"]
[Result "1-0"]
[WhiteElo "2665"]
[BlackElo "2625"]
[PlyCount "91"]
[EventDate "2020.05.12"]
[EventType "swiss (blitz)"]
[EventRounds "10"]
[EventCountry "USA"]
[SourceTitle "EXT 2021"]
[Source "ChessBase"]
[SourceDate "2020.10.23"]
[SourceVersion "1"]
[SourceVersionDate "2020.10.23"]
[SourceQuality "1"]

1. Nf3 d5 2. b3 Nf6 3. Bb2 g6 4. g3 Bg7 5. Bg2 c5 6. O-O Nc6 7. e3 ({RR} 7. c4 d4 8. e3 O-O 9. exd4 Ng4 10. Na3 cxd4 11. d3 Nge5 12. Nxe5 Nxe5 13. Nc2 Bg4 14. f3 Bf5 15. Ne1 Qd7 16. g4 Be6 17. h3 f5 18. Nc2 Nc6 19. Qd2 f4 20. b4 Bf7 21. b5 Nd8 {Pantsulaia,L (2587)-Dubov,D (2691) Abu Dhabi 2018 0-1 (40)}) ({RR} 7. Bxf6 Bxf6 8. c3 e5 9. d3 O-O 10. e4 d4 11. cxd4 cxd4 12. Nbd2 Be6 13. h4 b5 14. Kh2 a5 15. a3 a4 16. b4 Qd7 17. Rc1 Rfc8 18. Ng1 Ne7 19. Bh3 Rxc1 20. Qxc1 Rc8 21. Qd1 Rc3 {Aravindh,C (2729)-Borgaonkar,A (2418) chess.com INT 2025 ½-½ (67)}) 7... O-O 8. Qe2 Qd6 $146 ({RR} 8... Bf5 9. d3 Qd7 10. Nbd2 Bh3 11. c4 Bxg2 12. Kxg2 Nh5 13. Bxg7 Nxg7 14. cxd5 Qxd5 15. Ne4 Rfd8 16. Rfd1 Nb4 17. Nc3 Qc6 18. a3 Nd5 19. Rac1 e5 20. Ne4 b6 21. Nxe5 Qe6 22. Nf3 h6 23. Nc3 {Slipak,S-Bronstein,L (2425) Buenos Aires 1985 ½-½ (48)}) 9. d4 cxd4 10. exd4 Bg4 11. Nbd2 Rac8 12. h3 Bf5 13. c4 Rfd8 14. Ne5 Be6 15. Rfe1 Nd7 16. Nxc6 bxc6 17. c5 Qc7 18. Nf3 Nf8 19. b4 Rb8 20. Bc3 Re8 21. a3 Bf5 22. Rad1 Be4 23. Ng5 Bxg2 24. Kxg2 Nd7 25. h4 Nf6 26. Rd3 h6 27. Nh3 Ne4 28. Bd2 a5 29. Bf4 e5 30. dxe5 Bxe5 31. Rb3 Bxf4 32. Nxf4 axb4 33. axb4 Qb7 34. Qb2 Qb5 35. Ree3 d4 36. Red3 Red8 37. Rxd4 Rxd4 38. Qxd4 Nxc5 39. Re3 Na6 40. Qf6 Qf5 41. Qd6 Kg7 42. Re7 Kg8 43. h5 g5 44. Re5 Qh7 45. b5 Rxb5 46. Re8+ 1-0

[Event "FIDE Steinitz Memorial"]
[Site "chess24.com INT"]
[Date "2020.05.15"]
[Round "5"]
[White "Svidler, Peter"]
[Black "Korobov, Anton"]
[Result "1-0"]
[WhiteElo "2723"]
[BlackElo "2688"]
[PlyCount "85"]
[EventDate "2020.05.15"]
[EventType "tourn (blitz)"]
[EventRounds "18"]
[EventCountry "USA"]
[EventCategory "20"]
[SourceTitle "CBM 196 Extra"]
[Source "ChessBase"]
[SourceDate "2020.07.31"]
[SourceVersion "1"]
[SourceVersionDate "2020.07.31"]
[SourceQuality "1"]

1. Nf3 d5 2. g3 g6 3. Bg2 Bg7 4. O-O Nf6 5. b3 Ne4 6. c3 ({RR} 6. d4 O-O 7. Bb2 c6 8. e3 a5 9. c4 Bf5 10. Qe2 a4 11. b4 Nd7 12. a3 Nb6 13. Nbd2 Bg4 14. cxd5 cxd5 15. Rac1 Nxd2 16. Qxd2 Nc4 17. Qc3 Bxf3 18. Bxf3 e6 19. b5 Qa5 20. Be2 Rfc8 {Svidler,P (2714)-Fressinet,L (2638) chess24.com INT 2021 0-1}) ({RR} 6. d4 c5 7. Bb2 Nc6 8. e3 O-O 9. c4 e6 10. cxd5 exd5 11. Nc3 Bf5 12. Na4 b5 13. Nc3 Nxc3 14. Bxc3 b4 15. Be1 c4 16. bxc4 dxc4 17. Nd2 Rc8 18. Nxc4 Nxd4 19. Bxb4 Nc2 20. Bxf8 Qxf8 {Sultanbek,Z (2101)-Tokhirjonova,G (2385) New York USA 2024 1-0 (41)}) 6... c5 7. Qc2 O-O 8. d3 Nf6 $146 ({RR} 8... Nd6 9. Nbd2 Nc6 10. Bb2 e5 11. e4 d4 12. cxd4 cxd4 13. Nc4 b5 14. Nxd6 Qxd6 15. Nxe5 Nxe5 16. f4 Be6 17. fxe5 Bxe5 18. Rac1 Rac8 19. Qd2 b4 20. Rxc8 Rxc8 21. Rc1 Rxc1+ 22. Bxc1 Qc5 23. Bf3 {Hartoch,R (2355)-Fuller,K Ramsgate 1984 ½-½ (68)}) 9. e4 Nc6 10. e5 Nd7 11. d4 cxd4 12. cxd4 Nb6 13. Be3 Bf5 14. Qd2 Rc8 15. Nc3 Nb4 16. Nh4 Bd3 17. Rfc1 Ba6 18. Ne2 Nd3 19. Rxc8 Qxc8 20. Nc1 Nxc1 21. Rxc1 Qd7 22. Bh6 Rc8 23. Nf3 Rxc1+ 24. Qxc1 Bd3 25. Bxg7 Kxg7 26. Ng5 f6 27. exf6+ exf6 28. Nh3 g5 29. f4 h6 30. Nf2 Bf5 31. h3 Qe7 32. g4 Bg6 33. f5 Bf7 34. Bf3 Qd6 35. Kg2 a6 36. Qc5 Qxc5 37. dxc5 Nd7 38. b4 a5 39. c6 bxc6 40. bxa5 Nb8 41. Be2 c5 42. Bb5 Nc6 43. Bxc6 1-0

[Event "FIDE Steinitz Memorial"]
[Site "chess24.com INT"]
[Date "2020.05.17"]
[Round "13"]
[White "Svidler, Peter"]
[Black "Mamedyarov, Shakhriyar"]
[Result "1-0"]
[WhiteElo "2723"]
[BlackElo "2764"]
[PlyCount "83"]
[EventDate "2020.05.15"]
[EventType "tourn (blitz)"]
[EventRounds "18"]
[EventCountry "USA"]
[EventCategory "20"]
[SourceTitle "CBM 196 Extra"]
[Source "ChessBase"]
[SourceDate "2020.07.31"]
[SourceVersion "1"]
[SourceVersionDate "2020.07.31"]
[SourceQuality "1"]

1. Nf3 d5 2. g3 Nf6 3. Bg2 g6 4. b3 Bg7 5. Bb2 c5 6. O-O O-O 7. c4 dxc4 8. bxc4 Nc6 9. Ne5 Nxe5 10. Bxe5 Ne8 11. Bxg7 Kxg7 12. Nc3 Rb8 ({RR} 12... Qd4 13. Qb3 Nd6 14. d3 Be6 15. Rad1 Rab8 16. a4 h5 17. e3 Qf6 18. f4 h4 19. e4 Qd4+ 20. Kh1 Bg4 21. Bf3 Bh3 22. Bg2 Bxg2+ 23. Kxg2 f6 24. Ne2 Qe3 25. Qc2 g5 26. gxh4 g4 27. Ng3 {Gao,A (1979)-Sahbudak,B (2264) Montesilvano ITA 2024 1-0 (42)}) 13. Qa4 $146 ({RR} 13. a4 Nd6 14. d3 b6 15. Qc2 Bb7 16. e4 f6 17. f4 Bc6 18. h4 Qd7 19. Kh2 Nf7 20. Bh3 e6 21. Nd5 Rfe8 22. f5 exf5 23. exf5 g5 24. Bg2 gxh4 25. gxh4 Qd6+ 26. Kg1 Bxd5 27. Bxd5 Ne5 {Larino Nieto,D (2455)-Nguyen,N (2641) Chess.com INT 2021 1-0 (43)}) 13... a6 14. Rfd1 b5 15. cxb5 axb5 16. Qf4 Qc7 17. Qe3 Nf6 18. a4 Ng4 19. Qe4 Nf6 20. Qc2 b4 21. Nb5 Qe5 22. d4 cxd4 23. Nxd4 Bd7 24. a5 Rfc8 25. Qb2 Rc7 26. a6 Ra7 27. Bb7 Bc8 28. Bxc8 Rxc8 29. Qxb4 Qe4 30. Qb6 Rd7 31. a7 Ra8 32. Nb5 Rxd1+ 33. Rxd1 Qxe2 34. Rb1 Qa2 35. Re1 e5 36. h3 Qd2 37. Rxe5 Qd1+ 38. Kg2 Qa1 39. Re2 Qa4 40. Qc6 Rf8 41. Re3 Qb4 42. Ra3 1-0

[Event "UKR-RUS LCWL bullet 1+1"]
[Site "Chess.com INT"]
[Date "2020.05.17"]
[Round "1.9"]
[White "Kuzubov, Yuriy"]
[Black "Anisimov, Pavel"]
[Result "1-0"]
[WhiteElo "2643"]
[BlackElo "2527"]
[PlyCount "91"]
[EventDate "2020.05.17"]
[EventType "team-match (blitz)"]
[EventRounds "2"]
[EventCountry "UKR"]
[SourceTitle "CBM 196 Extra"]
[Source "ChessBase"]
[SourceDate "2020.07.31"]
[SourceVersion "1"]
[SourceVersionDate "2020.07.31"]
[SourceQuality "1"]
[WhiteTeam "Ukraine"]
[BlackTeam "Russia"]
[WhiteTeamCountry "UKR"]
[BlackTeamCountry "RUS"]

1. g3 d5 2. Bg2 c6 3. d3 Nf6 4. Nf3 g6 5. Nbd2 Bg7 6. e4 O-O 7. O-O dxe4 8. dxe4 Bg4 9. h3 Bxf3 10. Qxf3 Nbd7 11. Qe2 Nc5 ({RR} 11... e5 12. a4 Qc7 13. Nc4 Rfd8 14. Be3 Nb6 15. Nd2 Ne8 16. c3 Nd7 17. f4 exf4 18. gxf4 Nd6 19. Qf2 Re8 20. a5 b6 21. axb6 axb6 22. Qf3 Rxa1 23. Rxa1 Nf8 24. Bf2 c5 25. h4 Qd8 26. Rd1 {Morozevich,A (2741)-Anand,V (2779) Monte Carlo 2007 1-0 (48)}) ({RR} 11... e5 12. Nc4 Qe7 13. b3 b5 14. Ba3 b4 15. Bb2 a5 16. Rad1 Rfd8 17. h4 a4 18. Bh3 Nc5 19. f3 Nfd7 20. Qd2 Nb6 21. Qe2 Nxc4 22. Qxc4 a3 23. Bc1 Ne6 24. Bxe6 Qxe6 25. Qxe6 fxe6 26. Bg5 {Mazurkiewicz,M (2145)-Moore,A (1947) chess.com INT 2024 1-0 (59)}) 12. e5 $146 ({RR} 12. Nc4 Nfd7 13. Rd1 b5 14. Nd2 Qc7 15. Nb3 a5 16. Bf4 Be5 17. Bxe5 Qxe5 18. Nd4 Qc7 19. e5 Nxe5 20. Re1 Ncd7 21. f4 Qb6 22. Qf2 Nc4 23. Nxc6 Kg7 24. Rxe7 Qxf2+ 25. Kxf2 Nc5 26. b3 Na3 {Huang,Q (2484)-Xu,H (2110) China 2014 1-0 (33)}) 12... Nfd7 13. f4 Ne6 14. Nf3 Qb6+ 15. Kh2 Rad8 16. c3 Ndc5 17. Be3 Qb5 18. Qxb5 cxb5 19. Nd4 Nxd4 20. cxd4 Nd3 21. b3 b6 22. Rfd1 Nb4 23. Rd2 Nd5 24. Bxd5 Rxd5 25. Rc1 Rfd8 26. Rdc2 e6 27. Kg2 Bf8 28. Kf3 Ba3 29. Rg1 R5d7 30. Ke4 h5 31. g4 hxg4 32. hxg4 Kf8 33. f5 exf5+ 34. gxf5 gxf5+ 35. Kxf5 Re8 36. Rh2 f6 37. Rh8+ Ke7 38. Rg7+ Kd8 39. Rxe8+ Kxe8 40. Rxd7 Kxd7 41. Kxf6 Be7+ 42. Kf5 Kc6 43. Ke4 a5 44. d5+ Kb7 45. d6 Bf8 46. Kd5 1-0

[Event "Gladiators May 18th"]
[Site "Chess.com INT"]
[Date "2020.05.18"]
[Round "4"]
[White "Kuzubov, Yuriy"]
[Black "Eljanov, Pavel"]
[Result "1-0"]
[WhiteElo "2643"]
[BlackElo "2672"]
[PlyCount "67"]
[EventDate "2020.05.18"]
[EventType "match (blitz)"]
[EventRounds "10"]
[EventCountry "UKR"]
[SourceTitle "CBM 196 Extra"]
[Source "ChessBase"]
[SourceDate "2020.07.31"]
[SourceVersion "1"]
[SourceVersionDate "2020.07.31"]
[SourceQuality "1"]

1. Nf3 d5 2. g3 b6 3. Bg2 Bb7 4. O-O e6 5. c4 dxc4 6. Na3 Bxa3 7. bxa3 Nf6 ({RR} 7... Nd7 8. Qc2 Ngf6 9. Qxc4 O-O 10. Bb2 c5 11. Rfd1 Rc8 12. Rac1 Bd5 13. Qh4 h6 14. d4 Qe7 15. dxc5 Rxc5 16. Rxc5 Qxc5 17. Qa4 Rc8 18. Bd4 Qc2 19. Qxc2 Rxc2 20. Ne5 Nxe5 21. Bxe5 Bxg2 22. Kxg2 {Timerkhanov,A (2287)-Acikel,M (2172) chess.com INT 2025 1-0 (56)}) 8. Qc2 $146 ({RR} 8. Qa4+ Nbd7 9. Qxc4 O-O 10. Bb2 c5 11. a4 Qe7 12. d3 Rfe8 13. Rfb1 e5 14. e4 a5 15. Nd2 Ba6 16. Qb3 Rad8 17. Nc4 Qe6 18. Bc3 Rb8 19. Rd1 Rb7 20. Rab1 h5 21. Ne3 c4 22. dxc4 Nc5 {Romanishin,O (2580)-Beliavsky,A (2590) Tashkent 1980 ½-½ (41)}) 8... c5 9. Qxc4 O-O 10. d3 Nbd7 11. Qc2 h6 12. a4 Qc7 13. Bf4 Qc8 14. Rfc1 Nd5 15. Bd2 Ne7 16. a5 Nc6 17. Qb2 Nxa5 18. Bxa5 bxa5 19. Qa3 Qc7 20. Nd2 Bxg2 21. Kxg2 Rab8 22. Nb3 Rb5 23. Rc4 Rfb8 24. Rac1 R8b6 25. Nxc5 Nxc5 26. Rxc5 Rxc5 27. Rxc5 Qb7+ 28. f3 Rb2 29. Kf2 Qb6 30. d4 Rb5 31. Qc3 g6 32. h4 Kh7 33. h5 gxh5 34. Qd3+ 1-0

[Event "Titled Tuesday intern op 19th May"]
[Site "Chess.com INT"]
[Date "2020.05.19"]
[Round "4"]
[White "Nakamura, Hikaru"]
[Black "Dreev, Alexey"]
[Result "1-0"]
[WhiteElo "2736"]
[BlackElo "2655"]
[PlyCount "55"]
[EventDate "2020.05.19"]
[EventType "swiss (blitz)"]
[EventRounds "10"]
[EventCountry "USA"]
[SourceTitle "EXT 2021"]
[Source "ChessBase"]
[SourceDate "2020.10.23"]
[SourceVersion "1"]
[SourceVersionDate "2020.10.23"]
[SourceQuality "1"]

1. Nf3 d5 2. b3 Bg4 3. Bb2 Nd7 4. e3 e6 5. h3 Bh5 ({RR} 5... Bxf3 6. Qxf3 Ngf6 7. g4 h6 8. d3 Bd6 9. Nd2 c6 10. h4 Ne5 11. Bxe5 Bxe5 12. d4 Bd6 13. g5 Nd7 14. Rg1 hxg5 15. hxg5 g6 16. Bd3 e5 17. Qg4 Qe7 18. a4 exd4 19. e4 Bb4 20. Rd1 {Atoyan,A (2235)-Drozdowski,K (2450) chess.com INT 2025 0-1 (34)}) 6. d3 c6 ({RR} 6... h6 7. Nbd2 Ngf6 8. e4 dxe4 9. dxe4 Bb4 10. a3 Bxf3 11. gxf3 Bd6 12. Qe2 Be5 13. O-O-O Bxb2+ 14. Kxb2 Qe7 15. f4 O-O-O 16. Bg2 Nc5 17. Nc4 Kb8 18. e5 Nd5 19. Bxd5 exd5 20. Ne3 Ne6 21. Nxd5 {Anton Guijarro,D (2703)-Wojtaszek,R (2719) Biel 2020 ½-½ (33)}) 7. Nbd2 Qc7 $146 ({RR} 7... a5 8. a3 Bg6 9. Qe2 Qb6 10. Nh4 Ngf6 11. g4 e5 12. Bg2 Be7 13. O-O Ng8 14. Nxg6 hxg6 15. c4 Ngf6 16. g5 Nh7 17. h4 Nhf8 18. Qg4 dxc4 19. Nxc4 Qxb3 20. Rab1 Qxd3 21. Nxe5 Qf5 22. Qg3 {Martin Duque,J (2424)-Manolache,M (2485) Chess.com INT 2022 1-0 (35)}) 8. g4 Bg6 9. Nh4 O-O-O 10. a3 e5 11. Bg2 Ngf6 12. Qe2 Bd6 13. O-O-O Nc5 14. Kb1 Rhe8 15. g5 Nfd7 16. Nxg6 hxg6 17. h4 Kb8 18. c4 d4 19. b4 Na4 20. c5 Bxc5 21. bxc5 Ndxc5 22. Ne4 Qb6 23. Ka1 Nb3+ 24. Ka2 Rd5 25. Rb1 Rb5 26. Nd6 Rc5 27. Nc4 Qb5 28. Qc2 1-0

[Event "Titled Tuesday intern op 19th May"]
[Site "Chess.com INT"]
[Date "2020.05.19"]
[Round "7"]
[White "Grandelius, Nils"]
[Black "Korobov, Anton"]
[Result "1-0"]
[WhiteElo "2651"]
[BlackElo "2688"]
[PlyCount "85"]
[EventDate "2020.05.19"]
[EventType "swiss (blitz)"]
[EventRounds "10"]
[EventCountry "USA"]
[SourceTitle "EXT 2021"]
[Source "ChessBase"]
[SourceDate "2020.10.23"]
[SourceVersion "1"]
[SourceVersionDate "2020.10.23"]
[SourceQuality "1"]

1. Nf3 d5 2. g3 g6 3. c4 d4 4. b4 Bg7 5. d3 b6 6. Bg2 Bb7 7. O-O e5 8. a4 Ne7 $146 ({RR} 8... Nd7 9. a5 Rb8 10. axb6 axb6 11. Ra7 Ne7 12. Qa4 Nc8 13. Nxe5 Bxg2 14. Nxd7 Qxd7 15. Kxg2 Nxa7 16. Qxa7 Qc6+ 17. Kg1 Ra8 18. b5 Qh1+ 19. Kxh1 Rxa7 20. Bf4 Kd7 21. Kg2 Re8 22. Re1 Bf8 23. Kf1 {Bauert,R (2269)-Dautov,R (2604) Switzerland 2003 0-1 (36)}) 9. a5 O-O 10. b5 a6 11. axb6 cxb6 12. bxa6 Nxa6 13. Ba3 Nc5 14. Nbd2 Qc7 15. Qc2 h6 16. Rfb1 Ra6 17. Bxc5 Rxa1 18. Rxa1 bxc5 19. Nb3 Nc6 20. Qb1 Nb4 21. Ra5 Rb8 22. Rxc5 Bc6 23. Nfd2 Bf8 24. Ra5 Bd7 25. Ne4 Nc6 26. Rb5 Be7 27. Nbc5 Bc8 28. Rxb8 Nxb8 29. Na4 Nd7 30. Qb5 Kg7 31. Nd2 h5 32. h4 Nf6 33. Nb6 Bg4 34. Bf3 Qa7 35. Nd5 Qa2 36. Nxe7 Qxd2 37. Qxe5 Qe1+ 38. Kg2 Bxf3+ 39. Kxf3 Qh1+ 40. Kf4 Qc1+ 41. e3 Qf1 42. f3 dxe3 43. Qxe3 1-0

[Event "Titled Tuesday intern op 19th May"]
[Site "Chess.com INT"]
[Date "2020.05.19"]
[Round "8"]
[White "Grandelius, Nils"]
[Black "Le, Tuan Minh"]
[Result "1-0"]
[WhiteElo "2651"]
[BlackElo "2501"]
[PlyCount "71"]
[EventDate "2020.05.19"]
[EventType "swiss (blitz)"]
[EventRounds "10"]
[EventCountry "USA"]
[SourceTitle "EXT 2021"]
[Source "ChessBase"]
[SourceDate "2020.10.23"]
[SourceVersion "1"]
[SourceVersionDate "2020.10.23"]
[SourceQuality "1"]

1. Nf3 Nf6 2. g3 d5 3. Bg2 c6 4. O-O Bg4 5. h3 Bh5 6. c4 e6 7. d4 Nbd7 8. cxd5 exd5 9. Ne5 Be7 10. f4 Nxe5 11. dxe5 Bc5+ 12. Kh2 Nd7 $146 ({RR} 12... Ne4 13. Bxe4 dxe4 14. Qxd8+ Rxd8 15. g4 Bg6 16. f5 Bd4 17. Nc3 Bxe5+ 18. Bf4 Bxc3 19. bxc3 O-O 20. Rad1 f6 21. fxg6 hxg6 22. Bc7 Rc8 23. Bf4 Rfd8 24. Rd4 Rxd4 25. cxd4 Kf7 26. Rc1 Ke6 27. Rc5 {Grandelius,N (2670)-Shkapenko,P (2424) Chess.com INT 2021 1-0 (52)}) 13. g4 Bg6 14. f5 Nxe5 15. Bf4 Bd6 16. fxg6 hxg6 17. Kg1 g5 18. Bxe5 Bxe5 19. Qb3 Qe7 20. Nd2 O-O 21. e4 d4 22. Nf3 Bc7 23. Kh1 Rad8 24. Qxb7 d3 25. Rad1 Rfe8 26. Qxc6 Bf4 27. Qc3 Qd6 28. e5 Qd7 29. b4 Re6 30. Rfe1 Rh6 31. e6 fxe6 32. Re4 e5 33. Nxe5 Bxe5 34. Qxe5 d2 35. Qxg5 Rd6 36. Re7 1-0